00583nam a2200181Ia 4500003000900000008004100009020001800050040001600068080001900084245007500103260003500178300001300213490008200226650002600308650002400334650002100358700002200379IN-BaIIA211028s9999 xx 000 0 eng d a0-12-368853-1 cIIA Library a063:53bENF-53 0aDevelopments and borderlines of nuclear physicscedited by H. Morinaga aNew YorkbAcademic Pressc1972 axi, 214p aProceedings of the International School of Physics Enrico Fermi Course; v. 53 a High Energy Physics a Nuclear Physics  aNASA Thesaurus  aMorinaga, H., ed.